HUMAN ANATOMY AND PHYSIOLOGY (Record no. 5980)

MARC details
000 -LEADER
fixed length control field 00420nam a22001577a 4500
005 - DATE AND TIME OF LATEST TRANSACTION
control field 20230119102732.0
008 - FIXED-LENGTH DATA ELEMENTS--GENERAL INFORMATION
fixed length control field 190910b xxu||||| |||| 00| 0 eng d
020 ## - INTERNATIONAL STANDARD BOOK NUMBER
ISBN 81-256-0077-9
041 ## - LANGUAGE CODE
Language code of text/sound track or separate title eng
100 ## - MAIN ENTRY--AUTHOR NAME
Personal name SIDDIQUI, DR. ANEES AHMAD AND SIDDIQUI, RAFAT
245 ## - TITLE STATEMENT
Title HUMAN ANATOMY AND PHYSIOLOGY
260 ## - PUBLICATION, DISTRIBUTION, ETC. (IMPRINT)
Place of publication DELHI
Name of publisher TARA PUBLICATION
300 ## - PHYSICAL DESCRIPTION
Number of Pages 119p,
650 ## - SUBJECT ADDED ENTRY--TOPICAL TERM
Topical Term PHARMACY
General subdivision B.PHARMA
942 ## - ADDED ENTRY ELEMENTS (KOHA)
Koha item type Books
Holdings
Lost status Damaged status Collection code Home library Current library Shelving location Date acquired Source of acquisition Cost, normal purchase price Accession Number Koha item type
    Reference JRU Library JRU Library SHELF-4-D 10/09/2019 PURCHESS 120.00 23488 Books
    PHARMACY JRU Library JRU Library Shelf - 23- H 10/09/2019 PURCHESS 120.00 23489 Books
    PHARMACY JRU Library JRU Library SHELF-20-G 10/09/2019 PURCHESS 120.00 23490 Books
    PHARMACY JRU Library JRU Library SHELF-20-G 10/09/2019 PURCHESS 120.00 23491 Books